000 00723cam a22002533a 4500
001 32176
003 PGUSA
005 20140828083710.0
008 100429s2010||||xxu|||||s|||||000 | eng d
040 _aPGUSA
_beng
042 _adc
050 4 _aBF
100 1 _aLinton, E. Lynn
_q(Elizabeth Lynn),
_d1822-1898
245 1 0 _aWitch Stories
_h[electronic resource] /
_cE. Lynn Linton
260 _bProject Gutenberg,
_c2010
506 _aPublic domain in the USA.
516 _aElectronic text
653 _aWitchcraft -- Scotland
653 _aWitchcraft -- Great Britain
653 _aWitchcraft -- England
830 0 _aProject Gutenberg
_v32176
856 4 0 _uhttp://www.gutenberg.org/ebooks/32176
942 _cEB
999 _c261431
_d261431